[Event "BAN-ch (Women) 37th"]
[Site "Dhaka"]
[Date "2017.08.28"]
[Round "9"]
[White "Zisha, Zahuratul Zannat"]
[Black "Khan, Nazrana"]
[Result "0-1"]
[WhiteElo "1587"]
[BlackElo "1851"]
[PlyCount "129"]
[EventDate "2017.08.20"]
[EventType "swiss"]
[EventRounds "9"]
[EventCountry "BAN"]
[SourceTitle "CBM 180 Extra"]
[Source "ChessBase"]
[SourceDate "2017.10.06"]
[SourceVersion "1"]
[SourceVersionDate "2017.10.06"]
[SourceQuality "1"]

1. e4 c5 2. Nf3 Nc6 3. d4 cxd4 4. Nxd4 a6 5. Nc3 Qc7 6. Be2 Nf6 7. 0-0 b5 8. a3 Bb7 9. f4 e6 10. Nxc6 Bxc6 11. e5 Bc5+ 12. Kh1 Ne4 13. Nxe4 Bxe4 14. Bf3 Qc6 15. Qe2 Bxf3 16. Rxf3 Be7 17. Be3 Rc8 18. c3 d5 19. Rg3 g6 20. Rd1 h5 21. Bd4 Qc4 22. Qc2 Qc6 23. b4 Qb7 24. Qb2 Rc4 25. Qa2 Qc6 26. Ra1 0-0 27. Qe2 h4 28. Rh3 Rc8 29. Rd1 Kf8 30. g4 hxg3 31. hxg3 Rxd4 32. cxd4 Qc2 33. Qxc2 Rxc2 34. Rd3 Kg7 35. g4 Bd8 36. Rh2 Rc1+ 37. Kg2 Bb6 38. Kf3 Kf8 39. g5 Kg7 40. Rhd2 Rh1 41. Ke2 Rc1 42. Ra2 Rc4 43. Rad2 Rc1 44. Rd1 Rc2+ 45. Ke3 Rc4 46. Rb1 Rc2 47. Rbd1 Rc4 48. Rb3 Rc2 49. Rdd3 Rc4 50. Rd2 Rc1 51. Rbd3 Rc4 52. Ke2 Rc1 53. Rf3 Ba7 54. Rf1 Rc4 55. Ke3 Bb6 56. Ra1 Rc3+ 57. Rd3 Rc4 58. Ra2 Kf8 59. Kd2 Bxd4 60. Rc2 Bb6 61. Rxc4 bxc4 62. Rc3 Ke7 63. Kc2 Kd7 64. a4 Kc6 65. Rh3 0-1

[Event "BAN-ch (Women) 37th"]
[Site "Dhaka"]
[Date "2017.08.24"]
[Round "5"]
[White "Zisha, Zahuratul Zannat"]
[Black "Kiswara, Shajrin Evana"]
[Result "1-0"]
[WhiteElo "1587"]
[BlackElo "1688"]
[PlyCount "73"]
[EventDate "2017.08.20"]
[EventType "swiss"]
[EventRounds "9"]
[EventCountry "BAN"]
[SourceTitle "CBM 180 Extra"]
[Source "ChessBase"]
[SourceDate "2017.10.06"]
[SourceVersion "1"]
[SourceVersionDate "2017.10.06"]
[SourceQuality "1"]

1. e4 c5 2. Nf3 d6 3. d4 cxd4 4. Nxd4 Nf6 5. Nc3 a6 6. Be2 e6 7. Be3 Be7 8. 0-0 Qc7 9. f4 Nbd7 10. Qe1 0-0 11. Qg3 Nc5 12. Bf3 e5 13. fxe5 dxe5 14. Nf5 g6 15. Nxe7+ Qxe7 16. Bg5 Qe6 17. Rad1 Ncd7 18. Kh1 Re8 19. Qh4 Kg7 20. Be2 b5 21. Nd5 Nxd5 22. Rxd5 f6 23. Bh6+ Kg8 24. Bg4 Qe7 25. Bxd7 Bxd7 26. Rxf6 Bc6 27. Rd1 Qb7 28. Rdf1 Bxe4 29. Qg3 Qc7 30. Qb3+ Kh8 31. Rf7 Qxc2 32. Bg7+ Kg8 33. Rf8+ Kxg7 34. R1f7+ Kh6 35. Qh3+ Kg5 36. Qg3+ Kh6 37. Qh4# 1-0

[Event "BAN-chT2"]
[Site "Dhaka"]
[Date "2016.11.05"]
[Round "3.4"]
[White "Kyum, Ahmed"]
[Black "Zisha, Zahuratul Zannat"]
[Result "1-0"]
[WhiteElo "1944"]
[BlackElo "1607"]
[PlyCount "132"]
[EventDate "2016.11.03"]
[EventType "team-swiss"]
[EventRounds "7"]
[EventCountry "BAN"]
[SourceTitle "CBM 175 Extra"]
[Source "ChessBase"]
[SourceDate "2016.12.12"]
[SourceVersion "1"]
[SourceVersionDate "2016.12.12"]
[SourceQuality "1"]
[WhiteTeam "Royel Electronics"]
[BlackTeam "Bangladesh Mohila Daba"]
[WhiteTeamCountry "BAN"]
[BlackTeamCountry "BAN"]

1. e4 d5 2. exd5 Qxd5 3. Nc3 Qa5 4. Bc4 c6 5. Qf3 Qf5 6. d3 Nf6 7. Bf4 g6 8. h3 Bg7 9. g4 Qa5 10. g5 Nd5 11. Bd2 Bxc3 12. bxc3 Bf5 13. Ne2 Nd7 14. Bb3 Qc7 15. c4 N5b6 16. Bc3 Rf8 17. Ng3 Be6 18. Qe3 c5 19. a4 Nc8 20. a5 Nd6 21. Ba4 0-0-0 22. Ne4 Nxe4 23. Qxe4 Bf5 24. Qg2 f6 25. h4 e5 26. Rb1 e4 27. dxe4 Bxe4 28. Bxd7+ Rxd7 29. f3 Bxc2 30. Qxc2 fxg5 31. 0-0 Qg3+ 32. Qg2 Qf4 33. Qxg5 Qxc4 34. Be1 Rf5 35. Qe3 Qf7 36. a6 b6 37. Qe4 Rdd5 38. Bg3 g5 39. Rbd1 gxh4 40. Rxd5 Rxd5 41. Qg4+ Rf5 42. Qxh4 Qg6 43. Rd1 Rf6 44. Qh3+ Qf5 45. Qxf5+ Rxf5 46. Kf2 c4 47. Ke3 Rf7 48. Be5 h5 49. Rc1 b5 50. Rb1 Re7 51. f4 Re6 52. Rxb5 Rxa6 53. Rc5+ Kd7 54. Rxc4 Ra3+ 55. Kf2 h4 56. Kg2 Ke6 57. Rc6+ Kf5 58. Rh6 Rg3+ 59. Kh2 Rg4 60. Ra6 Rg6 61. Rxa7 Rh6 62. Rg7 Rh5 63. Kh3 Rh6 64. Rg5+ Ke4 65. Rg4 Kf3 66. Rxh4 Ra6 1-0

[Event "BAN-chT2"]
[Site "Dhaka"]
[Date "2016.11.03"]
[Round "1.4"]
[White "Islam, Kazi Taherul"]
[Black "Zisha, Zahuratul Zannat"]
[Result "1-0"]
[WhiteElo "2024"]
[BlackElo "1607"]
[PlyCount "125"]
[EventDate "2016.11.03"]
[EventType "team-swiss"]
[EventRounds "7"]
[EventCountry "BAN"]
[SourceTitle "CBM 175 Extra"]
[Source "ChessBase"]
[SourceDate "2016.12.12"]
[SourceVersion "1"]
[SourceVersionDate "2016.12.12"]
[SourceQuality "1"]
[WhiteTeam "Uttara Central CC"]
[BlackTeam "Bangladesh Mohila Daba"]
[WhiteTeamCountry "BAN"]
[BlackTeamCountry "BAN"]

1. Nf3 Nf6 2. b3 g6 3. Bb2 Bg7 4. g3 d5 5. Bg2 Bg4 6. 0-0 0-0 7. c4 c6 8. Ne5 Bf5 9. d4 Nbd7 10. Nf3 dxc4 11. bxc4 Qb6 12. Qb3 Rfe8 13. Nbd2 Ne4 14. Nxe4 Bxe4 15. Bh3 Qxb3 16. axb3 Bxf3 17. exf3 e6 18. Ra2 a6 19. d5 cxd5 20. cxd5 f5 21. Rd1 exd5 22. Rxd5 Bxb2 23. Rxd7 Bg7 24. Rxb7 Rab8 25. Rxb8 Rxb8 26. Bf1 Kf8 27. Bc4 Rb6 28. Rxa6 Rxa6 29. Bxa6 h6 30. f4 Bd4 31. Kg2 Ke7 32. h4 Kf6 33. f3 h5 34. Bb5 Bc5 35. Be8 Bb4 36. g4 hxg4 37. fxg4 fxg4 38. Kg3 Be1+ 39. Kxg4 Bd2 40. h5 gxh5+ 41. Bxh5 Be1 42. Kf3 Bd2 43. Ke4 Bb4 44. Bg4 Bd2 45. Bc8 Bb4 46. f5 Ke7 47. Kd5 Kd8 48. Ba6 Bf8 49. f6 Ke8 50. Ke6 Bb4 51. Bb5+ Kf8 52. f7 Ba3 53. Bc4 Bb4 54. Kd7 Ba3 55. Kc6 Ke7 56. Kb5 Bd6 57. b4 Kd7 58. Ka5 Kc7 59. b5 Kb7 60. b6 Kc8 61. Kb5 Kb7 62. Bd5+ Kb8 63. Kc6 1-0

[Event "BAN-ch (Women)"]
[Site "Dhaka"]
[Date "2016.10.14"]
[Round "11"]
[White "Kiswara, Shajrin Evana"]
[Black "Zisha, Zahuratul Zannat"]
[Result "0-1"]
[WhiteElo "1717"]
[BlackElo "1594"]
[PlyCount "116"]
[EventDate "2016.10.03"]
[EventType "tourn"]
[EventRounds "11"]
[EventCountry "BAN"]
[SourceTitle "CBM 175 Extra"]
[Source "ChessBase"]
[SourceDate "2016.12.12"]
[SourceVersion "1"]
[SourceVersionDate "2016.12.12"]
[SourceQuality "1"]

1. c4 e5 2. Nc3 Nf6 3. d3 Nc6 4. Nf3 d5 5. cxd5 Nxd5 6. Nxd5 Qxd5 7. e4 Qa5+ 8. Bd2 Bb4 9. a3 Bxd2+ 10. Nxd2 Be6 11. b4 Qb6 12. Be2 0-0 13. 0-0 a5 14. bxa5 Rxa5 15. Qb1 Rb5 16. Qc1 Nd4 17. Re1 Rd8 18. Bf1 f6 19. Qc3 Rc5 20. Qb4 Nc2 21. Qxb6 cxb6 22. Reb1 Nxa1 23. Rxa1 Rc2 24. Nf3 Rc3 25. Rb1 Rd6 26. Ra1 Bd7 27. Nd2 b5 28. Nf3 Ra6 29. d4 exd4 30. Nxd4 Rcxa3 31. Rc1 Rd6 32. Nf3 h6 33. e5 fxe5 34. Nxe5 Bc6 35. h3 Ra2 36. f4 Kf8 37. f5 Ke7 38. Re1 Kf6 39. g4 Rdd2 40. h4 Be8 41. Nf3 Bd7 42. Nxd2 Rxd2 43. Rb1 Rd4 44. Be2 b4 45. Kf2 Ke5 46. Kg3 Bc6 47. Bd1 Rd3+ 48. Kf2 Rd4 49. Kg3 Bd5 50. Ba4 Rd3+ 51. Kf2 b3 52. Re1+ Kf4 53. Ke2 Re3+ 54. Kd2 Rxe1 55. Kxe1 b2 56. Bc2 Be4 57. Kd2 Bxc2 58. Kxc2 Kxg4 0-1

[Event "BAN-ch (Women)"]
[Site "Dhaka"]
[Date "2016.10.05"]
[Round "3"]
[White "Khan, Nazrana"]
[Black "Zisha, Zahuratul Zannat"]
[Result "1-0"]
[WhiteElo "1959"]
[BlackElo "1594"]
[PlyCount "135"]
[EventDate "2016.10.03"]
[EventType "tourn"]
[EventRounds "11"]
[EventCountry "BAN"]
[SourceTitle "CBM 175 Extra"]
[Source "ChessBase"]
[SourceDate "2016.12.12"]
[SourceVersion "1"]
[SourceVersionDate "2016.12.12"]
[SourceQuality "1"]

1. d4 d5 2. Nf3 Nf6 3. c4 c6 4. Nc3 dxc4 5. a4 Bf5 6. Ne5 Nbd7 7. Nxc4 Nb6 8. Ne5 e6 9. f3 Be7 10. e4 Bg6 11. Be3 Nfd7 12. Nxd7 Nxd7 13. Be2 Bh4+ 14. g3 Be7 15. 0-0 0-0 16. Kg2 e5 17. d5 cxd5 18. Nxd5 Bc5 19. Qb3 b6 20. Rad1 Bxe3 21. Qxe3 Nf6 22. Ba6 Nxd5 23. Rxd5 Qe7 24. Qc3 f6 25. Rfd1 Rad8 26. b4 Bf7 27. Rxd8 Rxd8 28. Rxd8+ Qxd8 29. Bc4 Bxc4 30. Qxc4+ Kf8 31. h4 Ke7 32. a5 h6 33. f4 exf4 34. gxf4 Qd7 35. f5 bxa5 36. Qc5+ Kd8 37. Qxa5+ Qc7 38. Qd5+ Qd7 39. Kf3 Ke7 40. Ke3 Qa4 41. Qc5+ Kd7 42. Kf4 Qa6 43. Qd5+ Ke7 44. b5 Qd6+ 45. Ke3 Qa3+ 46. Kd4 Qb4+ 47. Kd3 Qa3+ 48. Kc2 Qa4+ 49. Kc3 Qa3+ 50. Kc4 Qa4+ 51. Kc5 Qc2+ 52. Kb4 Qb2+ 53. Ka4 Qc2+ 54. Ka3 Qc3+ 55. Ka4 Qc2+ 56. Kb4 Qb2+ 57. Kc5 Qc3+ 58. Qc4 Qa3+ 59. Kc6 Qd6+ 60. Kb7 Qb6+ 61. Ka8 a5 62. bxa6 Kd8 63. Qg8+ Kc7 64. Qxg7+ Kd8 65. Qf8+ Kd7 66. Qf7+ Kd8 67. Qd5+ Ke8 68. Qe6+ 1-0

[Event "BAN-ch (Women)"]
[Site "Dhaka"]
[Date "2016.10.03"]
[Round "1"]
[White "Zisha, Zahuratul Zannat"]
[Black "Sultana, Sharmin Shirin"]
[Result "0-1"]
[WhiteElo "1594"]
[BlackElo "2030"]
[PlyCount "58"]
[EventDate "2016.10.03"]
[EventType "tourn"]
[EventRounds "11"]
[EventCountry "BAN"]
[SourceTitle "CBM 175 Extra"]
[Source "ChessBase"]
[SourceDate "2016.12.12"]
[SourceVersion "1"]
[SourceVersionDate "2016.12.12"]
[SourceQuality "1"]

1. e4 c5 2. Nf3 e6 3. d4 cxd4 4. Nxd4 a6 5. Nc3 Qc7 6. Be2 b5 7. a3 Bb7 8. 0-0 Nf6 9. Bf3 Nc6 10. Re1 Ne5 11. h3 Be7 12. Be3 0-0 13. Nb3 Rac8 14. Bd4 d6 15. Bxe5 dxe5 16. Re3 Rfd8 17. Qe1 Ne8 18. Rd1 Nd6 19. Red3 Nc4 20. Rxd8+ Bxd8 21. Rb1 Nxa3 22. Rc1 Bg5 23. Ne2 Bxc1 24. Qxc1 Nxc2 25. Qg5 h6 26. Qg3 Nd4 27. Nbxd4 exd4 28. Nf4 g5 29. e5 Bxf3 0-1

[Event "BAN-ch (Women) 35th"]
[Site "Dhaka"]
[Date "2015.10.09"]
[Round "8"]
[White "Mst Jhorna, Begum"]
[Black "Zisha, Zahuratul Zannat"]
[Result "1-0"]
[WhiteElo "1590"]
[BlackElo "1623"]
[PlyCount "133"]
[EventDate "2015.10.01"]
[EventType "tourn"]
[EventRounds "11"]
[EventCountry "BAN"]
[SourceTitle "CBM 169 Extra"]
[Source "ChessBase"]
[SourceDate "2015.12.18"]
[SourceVersion "1"]
[SourceVersionDate "2015.12.18"]
[SourceQuality "1"]

1. e4 d5 2. exd5 Qxd5 3. Nc3 Qa5 4. Nf3 Nf6 5. h3 c6 6. Be2 Bf5 7. d3 Nbd7 8. a3 e6 9. 0-0 Bd6 10. Be3 0-0 11. b4 Qc7 12. Nh4 Bg6 13. Nxg6 hxg6 14. Qd2 Rac8 15. Rac1 Rfd8 16. Rfd1 a6 17. Na2 Nd5 18. c4 Nxe3 19. fxe3 c5 20. Bf3 Ne5 21. Be2 cxb4 22. axb4 Be7 23. d4 Nd7 24. c5 Bg5 25. Qc3 Nf6 26. Bf3 b6 27. Rc2 bxc5 28. bxc5 e5 29. Qd3 exd4 30. exd4 Re8 31. Qxa6 Qg3 32. Qf1 Bf4 33. Bb7 Qh2+ 34. Kf2 Qg3+ 35. Kg1 Re6 36. Qf2 Qh2+ 37. Kf1 Rce8 38. g3 Qxg3 39. Qxg3 Bxg3 40. c6 Bc7 41. h4 Nd5 42. Rc5 Rf6+ 43. Kg2 Rf5 44. Rd2 Re3 45. Rc1 Rg3+ 46. Kh1 Rf4 47. Rg2 Rxh4+ 48. Kg1 Rxg2+ 49. Kxg2 Rxd4 50. Nc3 Nxc3 51. Rxc3 f5 52. Ra3 Rd8 53. Ba6 Kf8 54. Bb5 Ke7 55. Kf3 Rb8 56. Re3+ Kf6 57. Bc4 Re8 58. Rxe8 g5 59. Rc8 Be5 60. Rf8+ Kg6 61. Be6 g4+ 62. Kg2 Kh6 63. Rxf5 Bd6 64. Rf7 Kg6 65. c7 Bxc7 66. Rxc7 Kg5 67. Rxg7+ 1-0

[Event "BAN-ch (Women) 35th"]
[Site "Dhaka"]
[Date "2015.10.05"]
[Round "5"]
[White "Zisha, Zahuratul Zannat"]
[Black "Sultana, Sharmin Shirin"]
[Result "0-1"]
[WhiteElo "1623"]
[BlackElo "2026"]
[PlyCount "76"]
[EventDate "2015.10.01"]
[EventType "tourn"]
[EventRounds "11"]
[EventCountry "BAN"]
[SourceTitle "CBM 169 Extra"]
[Source "ChessBase"]
[SourceDate "2015.12.18"]
[SourceVersion "1"]
[SourceVersionDate "2015.12.18"]
[SourceQuality "1"]

1. e4 c5 2. Nf3 e6 3. d4 cxd4 4. Nxd4 a6 5. Nc3 Qc7 6. Bd3 Nc6 7. Nxc6 dxc6 8. 0-0 Nf6 9. Be3 Qa5 10. a3 e5 11. b4 Qc7 12. Na4 b5 13. Nb6 Rb8 14. Nxc8 Qxc8 15. h3 Be7 16. Rc1 0-0 17. c4 Qe6 18. cxb5 cxb5 19. Bc5 Rfd8 20. Bxe7 Qxe7 21. Rc3 Rd4 22. Qc2 Rbd8 23. Re1 Nh5 24. Bf1 Rd2 25. Qb3 Nf4 26. Rf3 h6 27. Kh2 R2d6 28. g3 Ne6 29. Qc3 Nd4 30. Rd3 Rc6 31. Qd2 Nf3+ 32. Kg2 Nxd2 33. Rde3 Nxf1 34. Kxf1 Rc2 35. Kg2 Rdd2 36. Rf3 Qa7 37. Rf1 Qd4 38. Re3 Qxe3 0-1

[Event "BAN-ch (Women) 35th"]
[Site "Dhaka"]
[Date "2015.10.04"]
[Round "4"]
[White "Hamid, Rani"]
[Black "Zisha, Zahuratul Zannat"]
[Result "1-0"]
[WhiteElo "1976"]
[BlackElo "1623"]
[PlyCount "153"]
[EventDate "2015.10.01"]
[EventType "tourn"]
[EventRounds "11"]
[EventCountry "BAN"]
[SourceTitle "CBM 169 Extra"]
[Source "ChessBase"]
[SourceDate "2015.12.18"]
[SourceVersion "1"]
[SourceVersionDate "2015.12.18"]
[SourceQuality "1"]

1. e4 d5 2. exd5 Qxd5 3. Nc3 Qa5 4. d4 c6 5. Nf3 Bf5 6. Bd3 Bxd3 7. Qxd3 Nf6 8. 0-0 e6 9. Bd2 Nbd7 10. Rfe1 Qc7 11. h3 Bd6 12. a4 Nb6 13. Ne4 Nxe4 14. Qxe4 Nd5 15. c4 Nf6 16. Qd3 0-0 17. Bc3 Be7 18. b4 Rfd8 19. Qe2 Ne8 20. Ne5 Bf6 21. f4 g6 22. Rad1 a6 23. Rf1 b5 24. c5 bxa4 25. Qa2 Qb7 26. Qxa4 Rdc8 27. Nc4 Bd8 28. Qc2 Qe7 29. Qf2 Nf6 30. Nd6 Rcb8 31. Qf3 Nd5 32. Be1 Bc7 33. Nc4 Nxb4 34. Bxb4 Rxb4 35. Qxc6 Qe8 36. Qxc7 Rxc4 37. Qe5 Rd8 38. Rfe1 Qa4 39. Ra1 Qc6 40. Rad1 Qa4 41. Ra1 Qc6 42. Red1 Rc2 43. Qg5 Rb8 44. Rab1 Rbb2 45. Rxb2 Rxb2 46. Kh2 Qa4 47. Qg4 Rb4 48. f5 exf5 49. Qe2 Rxd4 50. Rxd4 Qxd4 51. Qe8+ Kg7 52. c6 Qf4+ 53. Kg1 Qc1+ 54. Kf2 Qd2+ 55. Kf3 Qd3+ 56. Kf2 Qd2+ 57. Qe2 Qf4+ 58. Qf3 Qc7 59. Qd5 Kf8 60. Ke3 Ke7 61. Qc5+ Ke6 62. Kf3 a5 63. Ke3 Qg3+ 64. Kd4 Qd6+ 65. Kc4 Qxc5+ 66. Kxc5 a4 67. Kb6 a3 68. c7 Kf6 69. c8Q Kg7 70. Qc3+ f6 71. Qxa3 h5 72. Kc7 Kh6 73. Kd8 Kg5 74. Qg3+ Kh6 75. Qf4+ Kg7 76. Ke8 Kh7 77. Kf8 1-0

[Event "Asia-ch U20 Girls"]
[Site "Tagaytay City"]
[Date "2014.11.30"]
[Round "3"]
[White "Zisha, Zahuratul Zannat"]
[Black "Suede, Mikee Charlene"]
[Result "0-1"]
[WhiteElo "1736"]
[BlackElo "1938"]
[PlyCount "50"]
[EventDate "2014.11.29"]
[EventType "swiss"]
[EventRounds "9"]
[EventCountry "PHI"]
[SourceTitle "EXT 2016"]
[Source "ChessBase"]
[SourceDate "2015.10.08"]
[SourceVersion "1"]
[SourceVersionDate "2015.10.08"]
[SourceQuality "1"]

1. e4 e6 2. d4 d5 3. exd5 exd5 4. Nf3 Bd6 5. h3 Ne7 6. Bd3 Bf5 7. Nc3 Qd7 8. Ne5 Bxe5 9. dxe5 c6 10. 0-0 0-0 11. Be3 d4 12. Bxf5 Nxf5 13. Qd3 dxe3 14. Rad1 Qxd3 15. Rxd3 exf2+ 16. Rxf2 Ne7 17. Rfd2 Na6 18. Rd7 Ng6 19. Rxb7 Nxe5 20. Rd6 Nc4 21. Rdd7 Nc5 22. Rxa7 Nxd7 23. Rxd7 Nxb2 24. Rb7 Nc4 25. Rb4 Ne5 0-1

[Event "Asia-ch U20 Girls"]
[Site "Tagaytay City"]
[Date "2014.11.29"]
[Round "1"]
[White "Zisha, Zahuratul Zannat"]
[Black "Zhylkaidarova, Sholpan"]
[Result "0-1"]
[WhiteElo "1736"]
[BlackElo "2149"]
[PlyCount "102"]
[EventDate "2014.11.29"]
[EventType "swiss"]
[EventRounds "9"]
[EventCountry "PHI"]
[SourceTitle "EXT 2016"]
[Source "ChessBase"]
[SourceDate "2015.10.08"]
[SourceVersion "1"]
[SourceVersionDate "2015.10.08"]
[SourceQuality "1"]

1. e4 c5 2. Nf3 Nc6 3. d4 cxd4 4. Nxd4 Nf6 5. Nc3 e5 6. Ndb5 d6 7. Nd5 Nxd5 8. exd5 Nb8 9. Be3 Be7 10. Bd3 0-0 11. 0-0 a6 12. Nc3 f5 13. f4 Nd7 14. fxe5 Nxe5 15. Ne2 Ng4 16. Qd2 Nxe3 17. Qxe3 Bg5 18. Qf3 Qb6+ 19. Kh1 Qxb2 20. Ng3 g6 21. Ne4 Be7 22. Ng3 Qg7 23. Rae1 Bf6 24. Re2 Bd7 25. c4 Rae8 26. Rb1 Bc8 27. Rbe1 Re5 28. Rc1 Qh6 29. Rce1 Rfe8 30. Nf1 Rxe2 31. Rxe2 Rxe2 32. Qxe2 Bd7 33. Qf2 Qc1 34. Qc2 Qxc2 35. Bxc2 Kf7 36. Nd2 Bd4 37. g3 Kf6 38. Nf3 Bc5 39. Kg2 b5 40. Bd3 bxc4 41. Bxc4 Bb5 42. Bb3 g5 43. h4 g4 44. Ng5 h6 45. Ne6 Be3 46. Nc7 Bd3 47. Ne8+ Ke5 48. Nc7 f4 49. gxf4+ Bxf4 50. h5 Be4+ 51. Kf1 g3 0-1